000 00370nam a2200145Ia 4500
008 230711s9999||||xx |||||||||||||| ||und||
041 _aENG
082 _a624
_bDA-G
100 _aDavisStenlay N
245 0 _aIntroduction to ground water treatment
250 _a2nd
260 _c1990
_aNew Delhi
_bScientific Publication Ltd,
650 _aCivil Engineering
942 _cBK
999 _c733
_d733